[Event "Prague op-B 10th"]
[Site "Prague"]
[Date "2011.01.08"]
[Round "2"]
[White "Martinec, Jan"]
[Black "Bartos, Jan"]
[Result "1/2-1/2"]
[WhiteElo "1848"]
[BlackElo "2203"]
[PlyCount "96"]
[EventDate "2011.01.07"]
[EventType "swiss"]
[EventRounds "9"]
[EventCountry "CZE"]
[SourceTitle "CBM 140 Extra"]
[Source "ChessBase"]
[SourceDate "2011.03.01"]
[SourceVersion "1"]
[SourceVersionDate "2011.03.01"]
[SourceQuality "1"]

1. e4 g6 2. d4 Bg7 3. c4 d6 4. Nc3 Nf6 5. Be2 0-0 6. Be3 c5 7. d5 e6 8. Nf3 exd5 9. exd5 Na6 10. Qd2 Nc7 11. 0-0 a6 12. Bh6 b5 13. Bxg7 Kxg7 14. b3 b4 15. Nd1 Ne4 16. Qc2 Qf6 17. Rb1 Re8 18. Bd3 Ng5 19. Nd2 Qd4 20. Qb2 Qxb2 21. Nxb2 f6 22. Rfe1 Bd7 23. Kf1 a5 24. Rxe8 Rxe8 25. Re1 Na8 26. Rxe8 Bxe8 27. Ke2 Nb6 28. Bc2 Bd7 29. Ke3 Nf7 30. f4 Nh6 31. h3 g5 32. Nf3 g4 33. hxg4 Bxg4 34. Nh4 Nc8 35. Nd1 Ne7 36. Nf2 Bd7 37. Ne4 Nef5+ 38. Nxf5+ Bxf5 39. Bd3 Bxe4 40. Bxe4 f5 41. Bf3 Kg6 42. Be2 Ng8 43. Bf3 Nf6 44. g3 Nd7 45. Bd1 Nb6 46. Bc2 Kf6 47. Kf3 h6 48. Ke3 Nd7 1/2-1/2

[Event "Ricany op"]
[Site "Ricany"]
[Date "2010.08.21"]
[Round "1"]
[White "Martinec, Jan"]
[Black "Matejovsky, Ondrej"]
[Result "0-1"]
[WhiteElo "1832"]
[BlackElo "2037"]
[PlyCount "104"]
[EventDate "2010.08.21"]
[EventType "swiss"]
[EventRounds "9"]
[EventCountry "CZE"]
[SourceTitle "EXT 2022"]
[Source "ChessBase"]
[SourceDate "2021.10.06"]
[SourceVersion "1"]
[SourceVersionDate "2021.10.06"]
[SourceQuality "1"]

1. e4 e5 2. Nc3 Nc6 3. Bc4 Nf6 4. d3 Bb4 5. Bg5 d6 6. Nge2 Be6 7. 0-0 h6 8. Bd2 0-0 9. a3 Bc5 10. Be3 Bxe3 11. fxe3 Bxc4 12. dxc4 Qd7 13. Qd3 Nh7 14. Ng3 Rae8 15. Rf2 Re6 16. Nd5 Ne7 17. Nf5 Nxd5 18. exd5 Rf6 19. Raf1 h5 20. e4 g6 21. Qg3 Kh8 22. Ne3 Rxf2 23. Rxf2 Qe7 24. Nf1 Qg5 25. Qxg5 Nxg5 26. Nd2 f5 27. Re2 Nxe4 28. Nxe4 fxe4 29. Rxe4 Rf4 30. Rxf4 exf4 31. Kf2 Kg7 32. Kf3 g5 33. h4 Kf6 34. hxg5+ Kxg5 35. b3 Kf5 36. c3 Ke5 37. b4 b6 38. b5 Kf5 39. a4 Ke5 40. Ke2 Ke4 41. Kf2 h4 42. Ke2 f3+ 43. gxf3+ Kf4 44. Kf2 h3 45. Kg1 Kxf3 46. Kh2 Kg4 47. Kh1 Kg3 48. Kg1 h2+ 49. Kh1 Kh3 50. c5 bxc5 51. a5 Kg3 52. a6 Kf3 0-1

[Event "Novy Bor op"]
[Site "Novy Bor"]
[Date "2010.02.15"]
[Round "3"]
[White "Jiruse, Josef"]
[Black "Martinec, Jan"]
[Result "1-0"]
[WhiteElo "2054"]
[BlackElo "1829"]
[PlyCount "63"]
[EventDate "2010.02.13"]
[EventType "swiss"]
[EventRounds "9"]
[EventCountry "CZE"]
[SourceTitle "CBM 134 Extra"]
[Source "ChessBase"]
[SourceDate "2010.03.03"]
[SourceVersion "1"]
[SourceVersionDate "2010.03.03"]
[SourceQuality "1"]

1. g3 c5 2. Bg2 g6 3. d3 Bg7 4. c4 Nf6 5. Nc3 0-0 6. Rb1 Nc6 7. a3 Rb8 8. Bf4 d6 9. Qc1 Nd4 10. b4 e5 11. Bg5 b6 12. h4 Bd7 13. Bd5 Qe8 14. Bxf6 Bxf6 15. h5 Be6 16. e3 Nf5 17. g4 Ne7 18. Ne4 Bg7 19. hxg6 Nxg6 20. Nf3 Bxd5 21. cxd5 Qe7 22. Qc2 cxb4 23. Rxb4 f5 24. gxf5 Rxf5 25. Rc4 Rb7 26. Rc8+ Rf8 27. Nfg5 h6 28. Ne6 Re8 29. Nxd6 Qxd6 30. Rxe8+ Kh7 31. Qc6 Qd7 32. Ng5# 1-0